| 000 | 00923cam a22003017a 4500 | ||
|---|---|---|---|
| 003 | CHAP | ||
| 005 | 20220817042541.0 | ||
| 008 | 971013s1990 r 00010 d | ||
| 010 | _a47868 | ||
| 011 | _a48840 | ||
| 035 | _a52987 | ||
| 040 | _cCHAP | ||
| 082 |
_a634.9 _bF3Y v.95 |
||
| 110 | 2 | _aFAO | |
| 245 | 1 | 0 | _aPrecios de productos forestales 1969-1988 |
| 260 |
_aRoma : _bFAO, _c1990 |
||
| 300 |
_a238 p. _b: gráfs. |
||
| 490 | 0 |
_aFAO. Montes _v; 95 |
|
| 590 |
_aBATCH-UPD _b10 _c20130110 _lUCH01 _h0848 |
||
| 590 |
_aCONVERSION _b10 _c20130109 _lUCH01 _h1326 |
||
| 650 | 1 | 4 |
_aProductos forestales _xPrecios. _992101 |
| 830 | 0 |
_aFAO. Montes _v; 95 _939632 |
|
| 901 | _aBK | ||
| 942 | _cLIBRO | ||
| 949 |
_a634.9 F3Y v.95 _bBC _cFAO _d-117752 _eFAO1 _h78781 _i52987 _si |
||
| 949 |
_a634.9 F3Y v.95 _bBC _cFAO _d-117753 _eFAO2 _fc.2 _h78782 _i52987 _si |
||
| 949 |
_a634.9 F3Y v.95 _bBC _cFAO _d-117754 _eFAO2 _fc.3 _h79643 _i52987 _si |
||
| 999 |
_c47868 _d47868 |
||